000 01291nam a2200301 c 4500
003 BLK
005 20180422113132.0
008 180410b bul|||||r ||||||| ||bul||
010 _aKNG00158668000
040 _aBLK
041 _aBUL
_cBUL
080 _aХимическа технология. Химическа промишленост. Родствени отрасли
_b66
_x(497.2)(092)
_z66(497.2)(092)
080 _aБългарска литература
_b821.163.2
_x-32
_z821.163.2-32
100 1 _aБузин, Николай
_eпърви автор
_9369842
139 _aБузин, Николай
_bБ 84
245 1 0 _aЕмулсия
_bДокум. повест за героя на социалист. труд проф. Михаил Герасимов
_cНиколай Бузин.
257 _aBGR
260 Пловдив
_bХристо Г. Данов
_c1990
_fХасково : Ат. Стратиев
300 _a147 с.
_c20 см
380 _a62
650 4 _aХимици, български
_9286421
653 _aбългарски химици
852 _a163367
856 4 _qpdf
_u
856 4 _qpdf
_u
942 _cKNG
_n0
944 _aCR
_c26.03.2014
_l26.03.2014 - от С1,Р / 26.03.2014
_kИвелин_Милков
944 _aED
_c26.03.2014
_l26.03.2014 - от С1,Р / 26.03.2014
_k
999 _c152221
_d152221